A Game warden takes stock. (Record no. 12914)
[ view plain ]
| 000 -LEADER | |
|---|---|
| fixed length control field | 00484cam a22001812 4500 |
| 001 - CONTROL NUMBER | |
| control field | 0000004725 |
| 005 - DATE AND TIME OF LATEST TRANSACTION | |
| control field | 20151217155825.0 |
| 008 - FIXED-LENGTH DATA ELEMENTS--GENERAL INFORMATION | |
| fixed length control field | 070528s xx 000 0 eng d |
| 040 ## - CATALOGING SOURCE | |
| Original cataloging agency | KABU |
| Transcribing agency | KABU |
| 050 #0 - LIBRARY OF CONGRESS CALL NUMBER | |
| Classification number | QL337 |
| Item number | .U35P58 |
| 100 1# - MAIN ENTRY--PERSONAL NAME | |
| Personal name | Pitman, C. R. S. |
| -- | 0000155459 |
| 245 12 - TITLE STATEMENT | |
| Title | A Game warden takes stock. |
| 260 ## - PUBLICATION, DISTRIBUTION, ETC. (IMPRINT) | |
| Place of publication, distribution, etc. | London : |
| Name of publisher, distributor, etc. | J. Nisbet, |
| Date of publication, distribution, etc. | 1942. |
| 300 ## - PHYSICAL DESCRIPTION | |
| Extent | xvii, 287 p. |
| 908 ## - PUT COMMAND PARAMETER (RLIN) | |
| Put command parameter | 070528 |
| 950 ## - LOCAL HOLDINGS (RLIN) | |
| -- | 1 |
| Withdrawn status | Lost status | Source of classification or shelving scheme | Not for loan | Home library | Current library | Date acquired | Total Checkouts | Full call number | Barcode | Date last seen | Price effective from | Koha item type |
|---|---|---|---|---|---|---|---|---|---|---|---|---|
| Library of Congress Classification | Kabarak, Main Campus | Kabarak, Main Campus | 17/12/2015 | QL337 .U35P58 | 003950 | 17/12/2015 | 17/12/2015 | Africana Collection |